El idioma español en sus primeros tiempos
-д хадгалсан:
| Формат: | Ном |
|---|---|
| Хэл сонгох: | испани |
| Хэвлэсэн: |
Buenos Aires
Espasa Calpe
1942
|
| Цуврал: | Colección Austral, 250
|
| Нөхцлүүд: | |
| Шошгууд: |
Шошго нэмэх
Шошго байхгүй, Энэхүү баримтыг шошголох эхний хүн болох!
|
MARC
| LEADER | 00000nam a2200000 a 4500 | ||
|---|---|---|---|
| 001 | UCX4458 | ||
| 003 | CL-VaPUC | ||
| 008 | 920514e19420000AG |||||||||||||||||spa|d | ||
| 082 | 0 | 4 | |a 467.01 |b MEN |2 21 |
| 245 | 1 | 3 | |a El idioma español en sus primeros tiempos |
| 300 | |a 160 p | ||
| 942 | |c BK | ||
| 945 | |d 19920514 00:00:00 | ||
| 260 | |a Buenos Aires |b Espasa Calpe |c 1942 | ||
| 650 | 7 | |a ESPAÑOL ANTIGUO HISTORIA |2 CL-VaPUC |9 315538 | |
| 650 | 7 | |a ESPAÑOL HISTORIA |2 CL-VaPUC |9 316494 | |
| 583 | |a last modification |c 19920514 00:00:00 |k Rodrigo Vera | ||
| 490 | 0 | |a Colección Austral, 250 | |
| 999 | |c 224908 |d 224906 | ||
| 952 | |0 0 |1 0 |4 0 |6 467_010000000000000_MEN_1942 |7 0 |8 A |9 221978 |a BIBEDU |b BIBEDU |d 2019-11-15 |i 290828K |o 467.01 MEN 1942 |p 290828K |r 2019-11-15 |w 2019-11-15 |y BK |k LIT | ||